000 00567cab a2200205 4500
001 ABS42819
008 090401t1990 xxu||||| |||| 00| 0 eng d
035 _a(Sirsi) u38953
041 _aeng
110 _aBeard Dove
_9558
245 _aShrinking market
260 _c1990
350 _a0
490 _aNew Builder
_v(36) 31 May 1990, 20-22(3)
520 _aGloomy forecast of future trends in the building industry , as the slump in the property market deepens.
650 _aSTATISTICS
690 _aBUILT ENVIRONMENT
942 _n0
948 _c04/03/1997
999 _c24974
_d24974